[Event "GER-chT North U14"]
[Site "Magdeburg"]
[Date "2014.09.11"]
[Round "2.3"]
[White "Bobenko, Konstantin"]
[Black "Hammann, Moritz"]
[Result "0-1"]
[WhiteElo "1338"]
[BlackElo "1501"]
[PlyCount "52"]
[EventDate "2014.09.11"]
[EventType "team-swiss"]
[EventRounds "7"]
[EventCountry "GER"]
[SourceTitle "EXT 2016"]
[Source "ChessBase"]
[SourceDate "2015.10.08"]
[SourceVersion "1"]
[SourceVersionDate "2015.10.08"]
[SourceQuality "1"]
[WhiteTeam "Potsdam Empor"]
[BlackTeam "Stade"]
[WhiteTeamCountry "GER"]
[BlackTeamCountry "GER"]

1. e4 c5 2. Nf3 d6 3. Bc4 Nf6 4. Nc3 g6 5. Nd5 Bg7 6. d3 0-0 7. c3 a6 8. a3 Nc6 9. Be3 Nd7 10. Qc1 Nde5 11. Nxe5 Nxe5 12. Qd2 Ng4 13. h3 Nxe3 14. Nxe3 e6 15. Ba2 Re8 16. Ng4 d5 17. e5 b5 18. Nh6+ Kf8 19. Qf4 Qe7 20. Ng4 Bb7 21. Nf6 Rec8 22. Nxh7+ Ke8 23. Nf6+ Bxf6 24. Qxf6 Qxf6 25. exf6 Kd7 26. f3 d4 0-1

[Event "Niedersachsen-ch U12"]
[Site "Norderney"]
[Date "2014.04.15"]
[Round "8"]
[White "Hammann, Moritz"]
[Black "Santos, Leonardo"]
[Result "0-1"]
[WhiteElo "1423"]
[BlackElo "1451"]
[PlyCount "38"]
[EventDate "2014.04.??"]
[EventType "swiss"]
[EventRounds "11"]
[EventCountry "GER"]
[SourceTitle "EXT 2017"]
[Source "ChessBase"]
[SourceDate "2016.10.25"]
[SourceVersion "1"]
[SourceVersionDate "2016.10.25"]
[SourceQuality "1"]

1. g3 Nf6 2. Nf3 d5 3. Bg2 g6 4. e3 Bg7 5. d4 c5 6. c3 Nc6 7. 0-0 0-0 8. Nbd2 Bg4 9. dxc5 e5 10. Qe1 Qe7 11. Nb3 Nd7 12. Nfd2 Nxc5 13. Bxd5 Nd3 14. Bxc6 bxc6 15. f3 Nxe1 16. Rxe1 Be6 17. Na5 Qc7 18. Nab3 Bxb3 19. Nxb3 Rad8 0-1

[Event "Niedersachsen-ch U12"]
[Site "Norderney"]
[Date "2014.04.13"]
[Round "3"]
[White "Helmer, Jan"]
[Black "Hammann, Moritz"]
[Result "1/2-1/2"]
[WhiteElo "1612"]
[BlackElo "1423"]
[PlyCount "76"]
[EventDate "2014.04.??"]
[EventType "swiss"]
[EventRounds "11"]
[EventCountry "GER"]
[SourceTitle "EXT 2017"]
[Source "ChessBase"]
[SourceDate "2016.10.25"]
[SourceVersion "1"]
[SourceVersionDate "2016.10.25"]
[SourceQuality "1"]

1. d4 d5 2. Nf3 Nf6 3. e3 Bf5 4. Bd3 Bg4 5. 0-0 e6 6. b3 c6 7. Nbd2 Bd6 8. Bb2 h6 9. e4 dxe4 10. Nxe4 Nxe4 11. Bxe4 Qc7 12. h3 Bh5 13. c4 0-0 14. Rc1 Bf4 15. Rc2 Qe7 16. Re1 Na6 17. d5 Rad8 18. Qa1 Bxf3 19. Bxf3 Nb4 20. Ba3 Nxc2 21. Bxe7 Nxa1 22. Rxa1 exd5 23. Bxd8 Rxd8 24. cxd5 cxd5 25. Rd1 d4 26. Bxb7 d3 27. g3 Be5 28. Kf1 d2 29. Ke2 Bc3 30. g4 Re8+ 31. Kd3 Bb4 32. Kc4 Ba5 33. b4 Bxb4 34. Kxb4 Rb8 35. Rxd2 Rxb7+ 36. Kc5 Rb6 37. f4 Ra6 38. Kb5 Rb6+ 1/2-1/2

[Event "GER-chT U12"]
[Site "Schney"]
[Date "2013.12.29"]
[Round "6.2"]
[White "Koll, Lukas"]
[Black "Hammann, Moritz"]
[Result "0-1"]
[WhiteElo "1539"]
[BlackElo "1321"]
[PlyCount "96"]
[EventDate "2013.12.27"]
[EventType "team-swiss"]
[EventRounds "7"]
[EventCountry "GER"]
[SourceTitle "EXT 2015"]
[Source "ChessBase"]
[SourceDate "2014.11.20"]
[SourceVersion "1"]
[SourceVersionDate "2014.11.20"]
[SourceQuality "1"]
[WhiteTeam "Karlsruhe"]
[BlackTeam "Stade"]
[WhiteTeamCountry "GER"]
[BlackTeamCountry "GER"]

1. d4 d5 2. Nf3 Nf6 3. c4 e6 4. e3 Nc6 5. Nc3 Bd7 6. cxd5 exd5 7. Bd3 a6 8. Bd2 Bd6 9. Ne2 0-0 10. 0-0 Re8 11. Ng3 Ne7 12. Re1 c6 13. Qb3 Rb8 14. Bb4 Qc7 15. Bxd6 Qxd6 16. Ne5 Be6 17. Qc2 Ng6 18. f4 Ne7 19. Bf5 g6 20. Bxe6 Qxe6 21. e4 Nd7 22. f5 Qd6 23. fxg6 fxg6 24. Nxd7 Qxd7 25. e5 Qe6 26. Rf1 Rf8 27. Qc5 b6 28. Qa3 a5 29. Qb3 Nf5 30. Nxf5 Rxf5 31. Rxf5 Qxf5 32. Rf1 Qe4 33. Qc3 Rc8 34. Kh1 c5 35. dxc5 Rxc5 36. Qf3 Qxf3 37. gxf3 Kf7 38. Kg2 Rc2+ 39. Rf2 Rxf2+ 40. Kxf2 g5 41. Ke3 Ke6 42. Kd4 h6 43. b3 h5 44. a3 g4 45. f4 h4 46. Ke3 Kf5 47. a4 Ke6 48. Ke2 d4 0-1

[Event "GER-chT U12"]
[Site "Schney"]
[Date "2013.12.27"]
[Round "2.2"]
[White "Hammann, Moritz"]
[Black "Riemann, Jonas"]
[Result "0-1"]
[WhiteElo "1321"]
[BlackElo "1200"]
[PlyCount "74"]
[EventDate "2013.12.27"]
[EventType "team-swiss"]
[EventRounds "7"]
[EventCountry "GER"]
[SourceTitle "EXT 2015"]
[Source "ChessBase"]
[SourceDate "2014.11.20"]
[SourceVersion "1"]
[SourceVersionDate "2014.11.20"]
[SourceQuality "1"]
[WhiteTeam "Stade"]
[BlackTeam "Bickenbach"]
[WhiteTeamCountry "GER"]
[BlackTeamCountry "GER"]

1. e4 e6 2. d4 d5 3. e5 c5 4. c3 Nc6 5. Nf3 Qb6 6. Bd3 Bd7 7. Be2 Nge7 8. b3 Nf5 9. Bb2 Rc8 10. 0-0 Be7 11. h3 0-0 12. b4 cxd4 13. cxd4 a6 14. Qd3 Na7 15. Nc3 Nb5 16. Rfd1 Nxc3 17. Bxc3 Bb5 18. Qd2 Bxe2 19. Qxe2 Rxc3 20. Qd2 Rcc8 21. Qf4 h6 22. g4 Nh4 23. Ne1 Ng6 24. Qg3 Rc4 25. Nf3 Rfc8 26. g5 hxg5 27. Rd3 Nf4 28. Rd2 Rc1+ 29. Ne1 Rxa1 30. f3 Rcc1 31. Kf1 Rxe1+ 32. Qxe1 Rxe1+ 33. Kxe1 g4 34. hxg4 Bh4+ 35. Kd1 Qb5 36. Rc2 Qf1+ 37. Kd2 Qe1# 0-1

[Event "GER-chT U12"]
[Site "Schney"]
[Date "2013.12.27"]
[Round "1.2"]
[White "Shevelko, Alexander"]
[Black "Hammann, Moritz"]
[Result "1/2-1/2"]
[WhiteElo "1556"]
[BlackElo "1321"]
[PlyCount "75"]
[EventDate "2013.12.27"]
[EventType "team-swiss"]
[EventRounds "7"]
[EventCountry "GER"]
[SourceTitle "EXT 2015"]
[Source "ChessBase"]
[SourceDate "2014.11.20"]
[SourceVersion "1"]
[SourceVersionDate "2014.11.20"]
[SourceQuality "1"]
[WhiteTeam "Potsdam"]
[BlackTeam "Stade"]
[WhiteTeamCountry "GER"]
[BlackTeamCountry "GER"]

1. d4 d5 2. Nf3 Nf6 3. g3 Nc6 4. Bg2 Bf5 5. 0-0 e6 6. c4 Be7 7. Bg5 0-0 8. e3 Nb4 9. Ne1 h6 10. Bxf6 Bxf6 11. a3 Na6 12. Nc3 c6 13. Rc1 Qb6 14. Na4 Qd8 15. c5 Re8 16. b4 Nc7 17. Nc3 e5 18. Nf3 e4 19. Nd2 Qd7 20. Re1 Bh3 21. a4 a6 22. Bxh3 Qxh3 23. b5 Ne6 24. Ne2 Ng5 25. bxc6 bxc6 26. Rb1 Rab8 27. Qc2 Qf5 28. Nf4 Nh3+ 29. Nxh3 Qxh3 30. Rb6 Rec8 31. Rxa6 Ra8 32. Rxa8 Rxa8 33. Rb1 Bd8 34. Qb3 Qe6 35. Rb2 h5 36. Nb1 h4 37. Na3 Qg4 38. Rb1 1/2-1/2

[Event "GER-chT North U12"]
[Site "Magdeburg"]
[Date "2013.09.15"]
[Round "7.3"]
[White "Hammann, Moritz"]
[Black "Huels, Maximilian"]
[Result "1/2-1/2"]
[WhiteElo "1196"]
[BlackElo "1390"]
[PlyCount "76"]
[EventDate "2013.09.12"]
[EventType "team-swiss"]
[EventRounds "7"]
[EventCountry "GER"]
[SourceTitle "EXT 2014"]
[Source "ChessBase"]
[SourceDate "2013.11.20"]
[SourceVersion "1"]
[SourceVersionDate "2013.11.20"]
[SourceQuality "1"]
[WhiteTeam "Stade"]
[BlackTeam "Treptow"]
[WhiteTeamCountry "GER"]
[BlackTeamCountry "GER"]

1. e4 c5 2. Nf3 Nc6 3. d4 cxd4 4. Nxd4 Nf6 5. Nxc6 bxc6 6. Nc3 e5 7. a3 Bc5 8. Bc4 0-0 9. 0-0 Bb7 10. Bg5 h6 11. Bd2 d5 12. Bd3 Re8 13. Re1 Qd7 14. h3 Rab8 15. Qc1 Qe6 16. Na4 Bf8 17. Bb4 Bxb4 18. axb4 Nd7 19. c3 Qd6 20. Qd2 c5 21. Nxc5 Nxc5 22. bxc5 Qxc5 23. Rad1 Rbd8 24. b4 Qb6 25. Bc2 dxe4 26. Qe2 f5 27. Qh5 Bc8 28. Bb3+ Be6 29. Bxe6+ Qxe6 30. Rxd8 Rxd8 31. Rd1 Rxd1+ 32. Qxd1 Kf7 33. Qa4 a6 34. b5 axb5 35. Qxb5 Qe8 36. Qd5+ Qe6 37. Qb7+ Kf6 38. Qb4 Qe7 1/2-1/2

[Event "GER-chT North U12"]
[Site "Magdeburg"]
[Date "2013.09.13"]
[Round "3.3"]
[White "Hammann, Moritz"]
[Black "Petrow, Jonas"]
[Result "1/2-1/2"]
[WhiteElo "1196"]
[BlackElo "1267"]
[PlyCount "64"]
[EventDate "2013.09.12"]
[EventType "team-swiss"]
[EventRounds "7"]
[EventCountry "GER"]
[SourceTitle "EXT 2014"]
[Source "ChessBase"]
[SourceDate "2013.11.20"]
[SourceVersion "1"]
[SourceVersionDate "2013.11.20"]
[SourceQuality "1"]
[WhiteTeam "Stade"]
[BlackTeam "Rostock Makkabi"]
[WhiteTeamCountry "GER"]
[BlackTeamCountry "GER"]

1. e4 d6 2. d4 Nf6 3. Nc3 g6 4. Nf3 Bg7 5. h3 0-0 6. Bc4 c6 7. 0-0 b5 8. Bd3 a5 9. Be3 Nbd7 10. Qd2 Rb8 11. Bh6 Ba6 12. Bxg7 Kxg7 13. Rfe1 c5 14. Rab1 c4 15. Bf1 b4 16. Nd1 Qc7 17. c3 Qc6 18. d5 Qc5 19. b3 Rfc8 20. Re3 Rb6 21. Nd4 Ne5 22. Nb2 Nd3 23. Na4 bxc3 24. Qxc3 Qb4 25. Bxd3 cxd3 26. Qxb4 Rxb4 27. Nc6 Rc7 28. Nxb4 d2 29. Rc3 Rxc3 30. Nxc3 axb4 31. Na4 Be2 32. Nb2 Nxe4 1/2-1/2